Reprezentacje EURO 2004 - Statystyki

Ogólne statystyki
  • Ten quiz został rozwiązany 289 razy
  • Średni wynik to 14 z 16
Statystyki odpowiedzi
Grupa: Reprezentacja: % Poprawnych
A Portugalia
98%
A Grecja
97%
B Anglia
95%
B Francja
95%
A Hiszpania
95%
D Niemcy
94%
D Holandia
92%
C Włochy
92%
A Rosja
90%
C Szwecja
90%
D Czechy
84%
C Dania
84%
B Chorwacja
82%
B Szwajcaria
75%
C Bułgaria
57%
D Łotwa
54%
Nie znaleziono quizów pasujących do podanych kryteriów
Rozkład punktacji
Procent ludzi z każdym wynikiem
Percentyl według liczby udzielonych odpowiedzi
Twoja historia wyników
Nie rozwiązałeś tego quizu